000 00350 a2200157 4500
001 48546
020 _a9788574125060
040 _cAnchieta - Bela Vista
100 _aSchmid, Sophie
240 1 0 _aHugo está com soluço
_lpor
245 1 0 _aHugo está com soluço
300 _a32
362 0 _a2016
650 4 _aLiteratura infantil
942 _cBK
999 _c48546
_d48546